| 000 | 00775nam a22002175i 4500 | ||
|---|---|---|---|
| 001 | 176776 | ||
| 003 | ES-MaACL | ||
| 005 | 20240223190832.0 | ||
| 008 | 110209s1973 sp |||| | spa d | ||
| 080 | _a27-247.6 | ||
| 100 | 0 |
_aSchnackenburg, Rudolf. _9104543 |
|
| 245 | 1 | 3 |
_aEl Evangelio según San Marcos / _cRudolf Schnackenburg ; [versión castellana de Claudio Gancho]. |
| 260 |
_aBarcelona : _bHerder, _c1973. |
||
| 300 |
_a2 v. ; _c20 cm. |
||
| 490 | 1 |
_aEl Nuevo Testamento y su mensaje ; _v2/1-2/2 |
|
| 630 | 0 | 4 |
_aBiblia. _pN.T. _pEvangelio según Marcos- _vComentarios. _9139831 |
| 700 | 1 |
_aGancho, Claudio _953818 |
|
| 830 | 0 |
_aEl Nuevo Testamento y su mensaje ; _v2/1-2/2 _9190229 |
|
| 852 |
_aES-MaACL _jE-14249-50 _xOlim P-1830 |
||
| 999 |
_c176776 _d176776 |
||